00482nam a2200193 a 450000100060000000300090000600800410001502000150005604000280007108200150009910000300011424500330014426000310017730000090020849000150021765000270023294200120025999900170027113340CO-ViMGA141112s2004 ck r 000 u spa d a9580443912 aCO-ViMGAbspacCO-ViMGA04aA863 S157o1 aSanta Ana, Antonio91953710aLos ojos del perro siberiano aBogotá : bNorma, c1998 a132p aZona Libre14aNOVELA ARGENTINA92131 2ddccBK c24087d24087